000
00255nam a2200097Ia 4500
001
1007102
005
20250826230559.0
008
250824s9999 xx 000 0 und d
245
0
_a
BENİM BABAM DOKTOR
_c
EZGİ PERKTAŞ
260
_b
ÇAMLICA ÇOCUK YAYINLARI
999
_c
1007102
_d
1007102